Prime due lettere di ogni Capoluogo in 90 secondi - Statistics

Statistiche generali
  • Questo quiz è stato fatto 262 volte
  • Il punteggio medio è 82 su 112
Risposte nella Mappa
Le risposte nella mappa del quiz sottostante sono codificate secondo una scala di colori dal rosso al verde in base alla % di persone che hanno risposto correttamente.
 
Statistiche sulle risposte
Capoluogo % Corretto
Padova
95%
Palermo
95%
Parma
95%
Pavia
95%
Cagliari
93%
Caltanissetta
93%
Campobasso
93%
Carbonia
93%
Carrara
93%
Caserta
93%
Catania
93%
Catanzaro
93%
L'Aquila
93%
La Spezia
91%
Latina
91%
Bologna
90%
Bolzano
90%
Salerno
90%
Sassari
90%
Savona
90%
Roma
89%
Rovigo
89%
Trani
89%
Trapani
89%
Trento
89%
Treviso
89%
Trieste
89%
Belluno
87%
Benevento
87%
Bergamo
87%
Macerata
85%
Mantova
85%
Massa
85%
Matera
85%
Torino
85%
Lecce
84%
Lecco
84%
Venezia
84%
Verbania
84%
Vercelli
84%
Verona
84%
Milano
83%
Piacenza
83%
Pisa
83%
Pistoia
83%
Pordenone
81%
Potenza
81%
Aosta
80%
Vibo Valentia
79%
Vicenza
79%
Viterbo
79%
Genova
77%
Perugia
77%
Pesaro
77%
Pescara
77%
Bari
76%
Barletta
76%
Reggio Calabria
76%
Reggio Emilia
76%
Como
75%
Cosenza
75%
Foggia
75%
Forlì
75%
Firenze
74%
Rieti
73%
Rimini
73%
Siena
73%
Siracusa
73%
Brescia
72%
Brindisi
72%
Napoli
71%
Modena
69%
Monza
69%
Ascoli Piceno
67%
Asti
67%
Ragusa
65%
Ravenna
65%
Biella
64%
Cremona
64%
Crotone
64%
Fermo
64%
Ferrara
64%
Udine
64%
Livorno
63%
Teramo
63%
Terni
63%
Varese
63%
Alessandria
61%
Cuneo
61%
Ancona
60%
Andria
60%
Gorizia
60%
Sondrio
60%
Imperia
59%
Novara
56%
Grosseto
55%
Messina
55%
Lucca
54%
Taranto
53%
Frosinone
51%
Prato
51%
Arezzo
50%
Lodi
50%
Nuoro
49%
Cesena
47%
Agrigento
43%
Enna
42%
Avellino
37%
Oristano
33%
Chieti
31%
Isernia
26%
Urbino
21%
Nessun quiz corrispondente trovato
Distribuzione punteggi
Percentuale di utenti per punteggio
Percentile per numero di risposta
I tuoi punteggi nel tempo
Non hai fatto questo quiz